Chemical composition of bulk precipitation in the north-central and northeastern United States, December 1980 through February 1981 /

Bibliographic Details
Main Authors: Peters, Norman E. (Author), Bonelli, Joseph E. (Author)
Format: Government Document eBook
Language:English
Published: [Reston, Va.] : United States Department of the Interior, Geological Survey, 1982.
Series:Geological Survey circular ; 874.
Subjects:
Online Access:https://purl.fdlp.gov/GPO/gpo111201

MARC

Tag First Indicator Second Indicator Subfields
LEADER 00000nam a2200000 i 4500
001 in00004019021
005 20190117124231.0
006 m o d f
007 cr bn|||||||||
008 160707r19841982vauab ob f000 0 eng c
035 |a (OCoLC)ocn953211608 
040 |a COP  |b eng  |e rda  |e pn  |c COP  |d OCLCO  |d OCLCF  |d OCLCA  |d GPO  |d MvI 
042 |a pcc 
043 |a n-usc--  |a n-use--  |a n-usl-- 
049 |a WWW 
074 |a 0620-A (online) 
086 0 |a I 19.4/2:874 
100 1 |a Peters, Norman E.,  |e author. 
245 1 0 |a Chemical composition of bulk precipitation in the north-central and northeastern United States, December 1980 through February 1981 /  |c by Norman E. Peters and Joseph E. Bonelli. 
264 1 |a [Reston, Va.] :  |b United States Department of the Interior, Geological Survey,  |c 1982. 
264 2 |a [Reston, Va.] :  |b United States Department of the Interior, Geological Survey,  |c 1984. 
300 |a 1 online resource (ii, 63 pages) :  |b illustrations, maps. 
336 |a text  |b txt  |2 rdacontent 
337 |a computer  |b c  |2 rdamedia 
338 |a online resource  |b cr  |2 rdacarrier 
490 1 |a Geological Survey circular ;  |v 874 
588 |a Title from title screen (viewed July 9, 2015). 
504 |a Includes bibliographical references (pages 44-45). 
650 0 |a Precipitation (Meteorology)  |z Middle West  |x Analysis. 
650 0 |a Precipitation (Meteorology)  |z Northeastern States  |x Analysis. 
650 7 |a Precipitation (Meteorology)  |x Analysis.  |2 fast  |0 (OCoLC)fst01074924 
651 7 |a Middle West.  |2 fast  |0 (OCoLC)fst01240052 
651 7 |a Northeastern States.  |2 fast  |0 (OCoLC)fst01242521 
700 1 |a Bonelli, Joseph E.,  |e author. 
710 2 |a Geological Survey (U.S.),  |e issuing body. 
776 0 8 |i Print version:  |a Peters, Norman E.  |t Chemical composition of bulk precipitation in the north-central and northeastern United States, December 1980 through February 1981  |w (DLC) 82600116  |w (OCoLC)8689229 
830 0 |a Geological Survey circular ;  |v 874. 
856 4 0 |u https://purl.fdlp.gov/GPO/gpo111201  |t 0 
999 f f |s 8b0943bf-c387-36bf-be1e-c5a5de7bd635  |i b0ce4fa8-369a-3e9b-b2e7-d9f98a6a17aa  |t 0 
952 f f |a Texas A&M University  |b College Station  |c Electronic Resources  |d Available Online  |t 0  |e I 19.4/2:874  |h Superintendent of Documents classification 
998 f f |a I 19.4/2:874  |t 0  |l Available Online